| 000 | 00622nam a2200241Ia 4500 | ||
|---|---|---|---|
| 003 | OSt | ||
| 005 | 20220916111034.0 | ||
| 006 | a|||||r|||| 00| 0 | ||
| 007 | ta | ||
| 008 | 220915b |||||||| |||| 00| 0 eng d | ||
| 024 | _a125092 | ||
| 037 | _cTextbook | ||
| 040 |
_beng _aARTS _cARTS |
||
| 041 | _aeng | ||
| 082 | _aV677:1:N5, 122J0 | ||
| 100 | _aJe Quesais | ||
| 245 | 0 | _aHistoire de L' Algeire 1830-1950 | |
| 260 |
_aParis _bPresses Universities de France |
||
| 300 |
_a126p. _ccm. |
||
| 650 | _aHISTORY | ||
| 942 |
_hV677:1:N5, 122J0 _cTB _2CC |
||
| 999 |
_c104163 _d104163 |
||